Countries Most Similar To Jordan - Statistics

General Stats
  • This quiz has been taken 100 times
  • The average score is 16 of 20
Answer Stats
Rank Country Score % Correct
1 Syria 80.4
95%
3 Iraq 79.2
94%
4 Saudi Arabia 78.2
91%
2 Egypt 80.3
88%
13 Lebanon 72.4
88%
9 Oman 74.8
86%
12 Qatar 73
86%
16 UAE 71.6
86%
14 Yemen 72.4
86%
5 Algeria 77
84%
15 Bahrain 71.9
84%
11 Morocco 74.2
82%
18 Iran 67.9
81%
10 Kuwait 74.6
80%
6 Libya 76.8
80%
7 Tunisia 76.3
79%
8 Palestine 76.1
76%
19 Sudan 65
71%
17 Mauritania 69
54%
20 Djibouti 63.9
35%
No matching quizzes found
Score Distribution
Percent of People with Each Score
Percentile by Number Answered
Your Score History
You have not taken this quiz